US Area Codes that Encompass Entire States - Statistics

General Stats
  • This quiz has been taken 49 times
  • The average score is 10 of 11
Answer Stats
Code State % Correct
808 Hawaii
96%
307 Wyoming
96%
907 Alaska
93%
406 Montana
93%
302 Delaware
91%
207 Maine
91%
701 North Dakota
91%
401 Rhode Island
91%
605 South Dakota
91%
802 Vermont
87%
603 New Hampshire
85%
No matching quizzes found
Score Distribution
Percent of People with Each Score
Percentile by Number Answered
Your Score History
You have not taken this quiz